LEADER 01270nam a2200301 a 4500 001 000000131352 003 CaOOAMICUS 005 20121115135424.0 008 121115s2012 it u000 u ita r 040 $aPUL$bita 082 04$a306.8 100 1 $aOliverio Ferraris, Anna.$0(OLS)http://pul/name/50121 245 13$aIl cammino dell'adozione /$cAnna Oliverio FErraris ; prefazione di Alfio Maggiolini. 260 $aMilano :$bR.C.S. Libri,$c©2012. 300 $aXVII, 384 p. ;$c20 cm 490 1 $aBiblioteca dei genitori ;$v17 500 $aEd. speciale per il Corriere della Sera. 504 $aInclude riferimenti bibliografici. 650 4$aAdozione$xAspetti psicologici.$0(OLS)http://pul/subject/39135 700 1 $aMaggiolini, Alfio.$0(OLS)http://pul/name/73824 830 0$aBiblioteca dei genitori ;$v17.$0(OLS)http://pul/title/84363 850 $aPUL 852 $aPUL$W1$xDP2 Diritto e Scienze Sociali 3$y110$m306. 8 COLL 1.17$j151655$qDDC 21$B150547$CPULBib$Z2$F150547 $H121086 $82 941 1 $a9 996 $6082$a306.8$9(OLS)http://pul/classification/699 996 $6245$aIl cammino dell'adozione$9(OLS)http://pul/title/165931 996 $6260$aMilano :$bR.C.S. Libri$9(OLS)http://pul/publisher/74600 LEADER 01733nam a2200325 u 4500 001 000000075087 003 CaOOAMICUS 005 20070226123048.0 008 030114s2001 it hf u000 u ita u 020 $a88-7125-206-3 035 $a10950929 040 $aEFR$bita 110 2 $aArchivio di Stato di Ancona.$0(OLS)http://pul/name/49832 245 10$aSuppliche al Comune di Ancona (sec. XVI) :$binventario /$ca cura di Gianni Orlandi. 260 $aRoma :$bMinistero per i Beni e le Attivitą culturali, Direzione generale per gli Archivi,$c2001. 300 $a214 p., [16] p. de pl. :$bill. en coul., fac-sim. ;$c24 cm 490 1 $aQuaderni della Rassegna degli archivi di Stato ;$v97 504 $aIncludes bibliographical references. 650 0$aLaw, Medieval.$2//eng$0(OLS)http://pul/subject/11548 650 0$aDiplomatics$zItaly$zAncona$xSources.$2//eng$0(OLS)http://pul/subject/26125 651 0$aAncona (Italy)$xHistory$xSources.$2//eng$0(OLS)http://pul/subject/26126 651 0$aAncona (Italy)$xSocial life and customs.$2//eng$0(OLS)http://pul/subject/26127 700 1 $aOrlandi, Gianni.$0(OLS)http://pul/name/49833 830 0$aQuaderni della Rassegna degli archivi di Stato ;$v97.$0(OLS)http://pul/title/2759 850 $aPUL 852 $aPUL$W1$xDP1 Altre Collocazioni$y17$m1094 H 97$j96699$nBK-PRI$b $qStampati$B96699$CPULBib$Z2$F96699 $HPUL91682 $81 941 1 $a8 996 $6020$a88-7125-206-3$9(OLS)http://pul/number/97737 996 $6245$aSuppliche al Comune di Ancona (sec. XVI) :$binventario$9(OLS)http://pul/title/98466 996 $6260$aRoma :$bMinistero per i Beni e le Attivitą culturali, Direzione generale per gli Archivi$9(OLS)http://pul/publisher/74389